Teuerste Transfers von Bayer Leverkusen (Verkäufe) - Statistiken

Allgemein
  • Dieses Quiz wurde 285 mal gespielt
    137 seit der letzten Aktualisierung
  • Das Durchschnittsergebnis liegt bei 16 aus 39
Antwortstatistiken
Saison Ablöse in Mio Neuer Verein Spieler % Korrekt
20/21 80 Chelsea Kai Havertz
99%
19/20 25 Dortmund Julian Brandt
89%
23/24 55 Aston Villa Moussa Diaby
85%
15/16 30 Tottenham Heung-min Son
80%
21/22 32 Aston Villa Leon Bailey
80%
18/19 25 Arsenal Bernd Leno
68%
02/03 6 Bayern Michael Ballack
66%
24/25 18 Hoffenheim Adam Hlozek
59%
13/14 22 Chelsea Andre Schürrle
59%
04/05 12 Bayern Lucio
59%
20/21 11 Monaco Kevin Volland
56%
18/19 20 Monaco Benjamin Henrichs
53%
17/18 23,3 AC Mailand Hakan Çalhanoğlu
50%
17/18 20 RB Leipzig Kevin Kampl
49%
14/15 12 Liverpool Emre Can
46%
06/07 15,7 Man United Dimitar Berbatov
45%
16/17 15 Gladbach Christoph Kramer
43%
02/03 9,5 Bayern Zé Roberto
42%
17/18 17,8 West Ham Chicharito
40%
15/16 11 Dortmund Gonzalo Castro
38%
11/12 12,5 Juventus Arturo Vidal
37%
22/23 6 Frankfurt Lucas Alario
35%
17/18 12 Dortmund Ömer Toprak
34%
23/24 10 Atalanta Mitchel Bakker
32%
13/14 6,5 Real Madrid Dani Carvajal
31%
19/20 8,5 Frankfurt Dominik Kohr
24%
10/11 5 Wolfsburg Patrick Helmes
21%
12/13 6,7 Corinthians Renato Augusto
21%
00/01 18 AS Rom Emerson
20%
24/25 5 Al-Ahli Sardar Azmoun
19%
17/18 6,5 Hamburg Kyriakos Papadopoulos
14%
15/16 10 Gladbach Josip Drmic
13%
07/08 6,3 AS Rom Juan
13%
17/18 8 Wolfsburg Admir Mehmedi
12%
12/13 5,5 Hoffenheim Eren Derdiyok
11%
01/02 7,5 Bayern Robert Kovac
9%
16/17 5 Mainz Levin Öztunali
7%
00/01 5 Fenerbahce Vratislav Gresko
2%
97/98 5,6 Inter Mailand Ze Elias
2%
Keine übereinstimmenden Quizze gefunden
Verteilung der Resultate
Anzahl Personen mit jedem Resultat
Perzentil nach korrekt beantworteten Fragen
Ihre Resultats-Entwicklung
Sie haben dieses Quiz seit der letzten Aktualisierung nicht gespielt